000 00495nam a2200217Ia 4500
003 OSt
005 20221005124031.0
006 a|||||r|||| 00| 0
007 ta
008 221004b |||||||| |||| 00| 0 eng d
024 _a32379
037 _cTextual
040 _aCRL
_cCRL
_beng
041 _2eng
_aeng
082 _aMK142, J7
245 0 _aMarine aquaria
260 _c1957
650 _aINDUSTRIAL ARTS
942 _hMK142, J7
_cTEXL
_2cc
999 _c1049250
_d1049250